Most Populated Countries Top 5 Cities Quiz Stats

Quiz Updated Aug 26, 2016

Challenge
Share
Tweet
Embed
Score 0/75 Timer 06:00
0 Plays Today
% Correct
New York
97.6%
Beijing
94%
Los Angeles
93.8%
Tokyo
90.2%
Mexico City
89.6%
Chicago
89.2%
Moscow
88.8%
Cairo
88%
Shanghai
83%
Mumbai
79.2%
Rio de Janeiro
78.8%
Saint Petersburg
78.3%
Houston
76.7%
Delhi
71.9%
São Paulo
71.5%
Jakarta
71.4%
Giza
69.6%
Brasilia
67.4%
Manila
65.4%
Philadelphia
62.4%
Ho Chi Minh City
60.8%
Hanoi
60.6%
Alexandria
58.3%
Kolkata
54.6%
Osaka
53.4%
Lagos
52.6%
Addis Ababa
52.5%
Port Said
50.8%
Karachi
49.1%
Dhaka
48.1%
Guangzhou
46.2%
Guadalajara
35.5%
Lahore
35.1%
Shubra el-Kheima
35%
Bangalore
31.2%
Chennai
28%
Quezon City
23.1%
Yokohama
22.7%
% Correct
Shenzhen
22%
Sapporo
19.8%
Salvador
18.1%
Juárez
18%
Chittagong
15.8%
Tianjin
15.8%
Nagoya
14.1%
Kano
12.4%
Nizhny Novgorod
11.7%
Novosibirsk
11.6%
Fortaleza
10.9%
Puebla
10.5%
Surabaya
10.2%
Davao
9.8%
Yekaterinburg
9.8%
Cebu
9.8%
Bandung
8.6%
Medan
7.8%
Ibadan
7.8%
Da Nang
7.7%
Rawalpindi
6.8%
Faisalabad
6.6%
Benin City
5.9%
Kaduna
3.7%
Hai Phong
3.2%
Multan
3%
San Cristóbal Ecatepec
2.1%
Khulna
2%
Can Tho
1.9%
Awasa
1.8%
Caloocan
1.7%
Bekasi
1.7%
Gonder
1.6%
Sylhet
1.5%
Mek'ele
1%
Nazrēt
1%
Narayanganj
0.9%

You're not logged in!

Compare scores with friends on all Sporcle quizzes.
Sign Up with Email
OR
Log In

You Might Also Like...

Show Comments

Extras

Top Quizzes Today


Score Distribution

Your Account Isn't Verified!

In order to create a playlist on Sporcle, you need to verify the email address you used during registration. Go to your Sporcle Settings to finish the process.